Dwars door Vlaanderen (Across Flanders) Cycling Race Winners - Statistics

General Stats
  • This quiz has been taken 3 times
  • The average score is 10 of 80
Answer Stats
Year Country Winner % Correct
2022 Netherlands Mathieu van der Poel
100%
2019 Netherlands Mathieu van der Poel
100%
1999 Belgium Johan Museeuw
67%
1993 Belgium Johan Museeuw
67%
2007 Belgium Tom Boonen
67%
1947 Belgium Albert Sercu
33%
1975 Netherlands Cees Priem
33%
2023 France Christophe Laporte
33%
2021 Netherlands Dylan van Baarle
33%
1985 Belgium Eddy Planckaert
33%
2026 Italy Filippo Ganna
33%
1982 Netherlands Jan Raas
33%
2009 Belgium Kevin Van Impe
33%
2024 United States Matteo Jorgenson
33%
2014 Netherlands Niki Terpstra
33%
2012 Netherlands Niki Terpstra
33%
1964 Netherlands Piet van Est
33%
1984 Belgium Walter Planckaert
33%
1977 Belgium Walter Planckaert
33%
1976 Belgium Willy Planckaert
33%
2018 Belgium Yves Lampaert
33%
2017 Belgium Yves Lampaert
33%
1965 Belgium Alfons Hermans
0%
1997 Ukraine Andrei Tchmil
0%
1952 Belgium André Maelbrancke
0%
1950 Belgium André Rosseel
0%
1948 Belgium André Rosseel
0%
1958 Belgium André Vlayen
0%
1960 Belgium Arthur Decabooter
0%
2002 Australia Baden Cooke
0%
1955 Belgium Briek Schotte
0%
1953 Belgium Briek Schotte
0%
1994 Belgium Carlo Bomans
0%
1963 Belgium Clément Roman
0%
1970 Belgium Daniël Vanryckeghem
0%
1967 Belgium Daniël Vanryckeghem
0%
1989 Belgium Dirk De Wolf
0%
1990 Belgium Edwig Van Hooydonck
0%
1969 Belgium Eric Leman
0%
1991 Belgium Eric Vanderaerden
0%
1986 Belgium Eric Vanderaerden
0%
1983 Belgium Etienne De Wilde
0%
1981 Belgium Frank Hoste
0%
2006 Belgium Frederik Veuchelen
0%
1954 Belgium Germain Derycke
0%
1979 Belgium Gustaaf Van Roosbroeck
0%
1995 Netherlands Jelle Nijdam
0%
1987 Netherlands Jelle Nijdam
0%
2015 Belgium Jelle Wallays
0%
2016 Belgium Jens Debusschere
0%
1980 Netherlands Johan van der Meer
0%
1988 Netherlands John Talen
0%
1978 Netherlands Jos Schipper
0%
1974 Belgium Louis Verreydt
0%
1956 Belgium Lucien Demunster
0%
2004 Belgium Ludovic Capelle
0%
1972 Belgium Marc Demeyer
0%
1962 Belgium Martin Van Geneugden
0%
2010 Denmark Matti Breschel
0%
1946 Belgium Maurice Desimpelaere
0%
1961 Belgium Maurice Meuleman
0%
2025 United States Neilson Powless
0%
2011 Belgium Nick Nuyens
0%
2005 Belgium Niko Eeckhout
0%
2001 Belgium Niko Eeckhout
0%
1957 Belgium Noël Foré
0%
1992 Germany Olaf Ludwig
0%
2013 Italy Oscar Gatto
0%
1951 Belgium Raymond Impanis
0%
1949 Belgium Raymond Impanis
0%
1945 Belgium Rik Van Steenbergen
0%
2003 Australia Robbie McEwen
0%
1959 Belgium Roger Baens
0%
1973 Belgium Roger Loysch
0%
2008 France Sylvain Chavanel
0%
1998 Belgium Tom Steels
0%
2000 Netherlands Tristan Hoffman
0%
1996 Netherlands Tristan Hoffman
0%
1968 Belgium Walter Godefroot
0%
1966 Belgium Walter Godefroot
0%
No matching quizzes found
Score Distribution
Percent of People with Each Score
Percentile by Number Answered
Your Score History
You have not taken this quiz